000 nam a22 7a 4500
999 _c7142
_d7142
008 170724b xxu||||| |||| 00| 0 eng d
020 _a9789386179333
100 _93720
_aAgarwal Aditiya
245 _aFoundation of information technology
260 _aMeerut